Normal view
MARC view
- WORN, REUBEN HENRY
Entry Personal Name
001 - CONTROL NUMBER
- control field: 58200
003 - CONTROL NUMBER IDENTIFIER
- control field: NUST
005 - DATE AND TIME OF LATEST TRANSACTION
- control field: 20210628202100.0
008 - FIXED-LENGTH DATA ELEMENTS
- fixed length control field: 210628|| aca||aabn | a|a d
040 ## - CATALOGING SOURCE
- Original cataloging agency: NUST
- Transcribing agency: NUST
100 ## - HEADING--PERSONAL NAME
- Personal name: WORN, REUBEN HENRY
670 ## - SOURCE DATA FOUND
- Source citation: Work cat.: (NUST): WORN, REUBEN HENRY, SHEET METAL WORKER INSTRUCTOR PRACTICAL RULES FOR DESCRIBING THE VARIOUS PATTERNS REQUIRED BY ZINC SHEET IRON COPPER AND TIN PLATE WORKER, 1946
